Statistiques concernant Villes du Monde en C (Facile)

Cliquez ici pour prendre le quiz!

Statistiques générales

  • Ce quiz a été pris 279 fois
  • Le résultat moyen est 9 sur 15

Statistiques - réponses

HintRéponse% Correct
Plus grande ville du Maroc, devant RabatCasablanca
97%
Grande ville de Pologne, qui termine en français comme la capitaleCracovie
86%
Ville allemande souvent associée à son eauCologne
82%
Célèbre ville du crime américaine, associé à Al CaponeChicago
80%
Ville mexicaine qui porte le même nom qu'un petit chienChihuahua
77%
Ville considérée comme la capitale de GallesCardiff
72%
Château de la Loire célèbre pour ses grandes cheminéesChambord
66%
Capitale sud-américaine, celle du pays de Simon BolivarCaracas
65%
Ville bretonne où l'on peut retrouver de fameux alignementsCarnac
49%
Grand port du sud de l'IrlandeCork
45%
Grande ville espagnole de l'époque maure, connue pour son palais et ses colonnesCordoue
41%
Parlant de mafia, la plus grande ville de Sardaigne, et non de SicileCagliari
36%
Ville colombienne dont le nom rappelle la célèbre adversaire de RomeCarthagène
33%
Ville et île grecque où est né le prince PhilipCorfou
23%
Capitale du Nevada, qui s'est étonnamment pas Las VegasCarson City
22%

Distribution des résultats

Percentile par nombre de réponses

% des personnes avec chaque résultat

Votre développement - résultats

Vous n’avez pas pris ce quiz